000 00625nam a2200265Ia 4500
005 20260121165900.0
008 008 260114s9999 xx 000 0 eng d
020 _a9789811027819
037 _aEBOOK
040 _aCRL
040 _beng
040 _cCRL
041 _2eng
041 _aeng
084 _qCRL
100 _aAtefeh Ahmadi
_91057192
245 0 _aMindfulness Among Students
260 _bSpringer
260 _bSpringer
260 _c2016
856 _uhttps://link.springer.com/openurl?genre=book&isbn=978-981-10-2781-9
942 _cEBOOK
999 _c1622920
_d1622920